000 00293nam a22001337a 4500
008 170907b xxu||||| |||| 00| 0 eng d
020 _a9780471971191
041 _aeng
080 _a72
100 _a41
101 _aARK
245 _aTHE DYNAMIC LOCATION
_cHAYTER/R
942 _2udc
_cBK
999 _c26528
_d26528